[Event "Sparkassen-Open A"]
[Site "Heusenstamm, Martinsee"]
[Date "2015.11.26"]
[Round "1.28"]
[White "Libuda, Thomas"]
[Black "Henrich, Thomas"]
[Result "0-1"]
[WhiteElo "1846"]
[BlackElo "2192"]
[PlyCount "54"]
[EventDate "2015.??.??"]
[WhiteTeam "1. Hainstadter SC"]
[BlackTeam "SK Marburg"]

1. d4 Nf6 2. Nf3 c5 3. e3 g6 4. Bd3 Bg7 5. Nbd2 cxd4 6. exd4 O-O 7. O-O b6 8.
Re1 Bb7 9. Qe2 Re8 10. c3 Nc6 11. Ne4 Nxe4 12. Qxe4 e5 13. Bg5 f6 14. Qd5+ Kh8
15. Bh4 Na5 16. Qb5 Bc6 17. Nxe5 fxe5 18. Qxc6 Nxc6 19. Bxd8 Raxd8 20. dxe5
Rxe5 21. f4 Rd5 22. Re3 b5 23. Rae1 Bf8 24. Kf1 Kg7 25. c4 bxc4 26. Bxc4 Rd4
27. b3 Rxf4+ 0-1

[Event "Sparkassen-Open A"]
[Site "Heusenstamm, Martinsee"]
[Date "2015.11.26"]
[Round "1.29"]
[White "Bahlke, Wolfgang"]
[Black "Berner, Manfred"]
[Result "1-0"]
[WhiteElo "2183"]
[BlackElo "1761"]
[PlyCount "53"]
[EventDate "2015.??.??"]
[WhiteTeam "SF Dettingen"]
[BlackTeam "Sfr. Kelkheim"]

1. e4 e6 2. d4 d5 3. Nd2 dxe4 4. Nxe4 Nd7 5. Bd3 Ngf6 6. Qe2 Be7 7. Nf3 O-O 8.
Bd2 b6 9. O-O-O Bb7 10. Ne5 Nxe4 11. Bxe4 Bxe4 12. Qxe4 Nxe5 13. dxe5 Qd5 14.
Qxd5 exd5 15. f4 Rad8 16. f5 d4 17. Rhf1 Rd5 18. Rde1 c5 19. Re4 Rfd8 20. f6
Bf8 21. e6 fxe6 22. f7+ Kh8 23. Rxe6 g6 24. h4 R8d6 25. Re8 Kg7 26. Rxf8 Kxf8
27. Bh6+ 1-0

[Event "Sparkassen-Open A"]
[Site "Heusenstamm, Martinsee"]
[Date "2015.11.26"]
[Round "1.30"]
[White "Mager, Thomas"]
[Black "Hankel, Dennis"]
[Result "1/2-1/2"]
[WhiteElo "1838"]
[BlackElo "2180"]
[PlyCount "84"]
[EventDate "2015.??.??"]
[WhiteTeam "vereinslos"]
[BlackTeam "SF Neuberg"]

1. d4 Nf6 2. Bf4 c5 3. e3 cxd4 4. exd4 d5 5. c3 Nc6 6. Nd2 Bf5 7. Ngf3 a6 8. h3
h6 9. Ne5 e6 10. Ndf3 Bd6 11. Bd3 Ne4 12. O-O Qc7 13. Bh2 O-O 14. Re1 Rfe8 15.
Qe2 Nxe5 16. Bxe5 f6 17. Bxd6 Nxd6 18. Bxf5 Nxf5 19. Qd3 b5 20. Re2 Re7 21.
Rae1 Rae8 22. Nd2 Nd6 23. Nb3 Ne4 24. Nd2 Nd6 25. Nb3 Qc6 26. Na5 Qd7 27. Nb3
Ne4 28. Nd2 Ng5 29. Nb3 e5 30. dxe5 fxe5 31. Rd1 Rd8 32. Red2 Qc6 33. Qe3 Ne4
34. Rd3 Qc4 35. Qb6 Rf8 36. f3 Nf6 37. Qc5 Ree8 38. Re3 Qf4 39. Rde1 e4 40. Nd4
exf3 41. Nxf3 Qc4 42. Qxc4 dxc4 1/2-1/2

[Event "Sparkassen-Open A"]
[Site "Heusenstamm, Martinsee"]
[Date "2015.11.26"]
[Round "1.31"]
[White "Chandler, Patrick"]
[Black "Bahlke, Florian"]
[Result "1/2-1/2"]
[WhiteElo "2177"]
[BlackElo "1836"]
[PlyCount "51"]
[EventDate "2015.??.??"]
[WhiteTeam "SC Gelnhausen"]
[BlackTeam "SF Dettingen"]

1. d4 d5 2. Nf3 e6 3. Bf4 Nf6 4. e3 Be7 5. Nbd2 O-O 6. Bd3 b6 7. Qe2 Bb7 8. O-O
Nbd7 9. h3 c5 10. c3 c4 11. Bb1 Ne4 12. Nxe4 dxe4 13. Nd2 f5 14. Qxc4 Bd5 15.
Qe2 g5 16. Bh2 Nf6 17. c4 Bb7 18. a3 Bd6 19. Bxd6 Qxd6 20. b4 g4 21. hxg4 Nxg4
22. g3 e5 23. d5 Qh6 24. f4 Qh3 25. Rf2 Nxf2 26. Qxf2 1/2-1/2

[Event "Sparkassen-Open A"]
[Site "Heusenstamm, Martinsee"]
[Date "2015.11.26"]
[Round "1.32"]
[White "van den Hoff, Damien"]
[Black "Hinrichs, Hans-Uwe"]
[Result "1/2-1/2"]
[WhiteElo "1836"]
[BlackElo "2167"]
[PlyCount "120"]
[EventDate "2015.??.??"]
[WhiteTeam "vereinslos"]
[BlackTeam "SK Bingen"]

1. e4 c6 2. d4 g6 3. c4 Bg7 4. Nc3 d6 5. Nf3 Bg4 6. Be2 Bxf3 7. Bxf3 Qb6 8. d5
Nd7 9. O-O Ngf6 10. Qc2 O-O 11. Be3 Qc7 12. Rad1 Rfc8 13. Be2 a6 14. f4 cxd5
15. Nxd5 Nxd5 16. exd5 b5 17. b3 Rab8 18. Kh1 a5 19. Qd2 b4 20. Bd3 Nc5 21.
Bxc5 Qxc5 22. f5 a4 23. Qe2 Bf6 24. fxg6 hxg6 25. Bxg6 fxg6 26. Qe6+ Kg7 27.
Rxf6 exf6 28. Qe7+ Kh6 29. Rd3 Qf2 30. Rh3+ Kg5 31. Rg3+ Kh6 32. Rh3+ Kg5 33.
Rf3 Qxf3 34. gxf3 axb3 35. axb3 Re8 36. Qxd6 Ra8 37. Kg2 Ra1 38. Qg3+ Kh6 39.
Qh3+ Kg5 40. Qg4+ Kh6 41. Qf4+ Kg7 42. c5 Re2+ 43. Kh3 Re5 44. Kg3 Rxd5 45.
Qxb4 Rg5+ 46. Kf4 Rf5+ 47. Ke4 Re1+ 48. Kd3 Rxf3+ 49. Kd2 Ree3 50. c6 Rxb3 51.
Qxb3 Rxb3 52. c7 Rb2+ 53. Kc1 Rxh2 54. c8=Q Rh5 55. Qd7+ Kh6 56. Kd2 f5 57. Ke3
Rh4 58. Kf3 Re4 59. Qd8 Kg7 60. Qd7+ Kf6 1/2-1/2

[Event "Sparkassen-Open A"]
[Site "Heusenstamm, Martinsee"]
[Date "2015.11.26"]
[Round "1.33"]
[White "Budzyn, Matthias"]
[Black "Klebs, Sebastian"]
[Result "1/2-1/2"]
[WhiteElo "2164"]
[BlackElo "1828"]
[PlyCount "86"]
[EventDate "2015.??.??"]
[WhiteTeam "SG Turm Kiel"]
[BlackTeam "Karlsruher SF"]

1. e4 c5 2. c3 d5 3. exd5 Qxd5 4. d4 Nf6 5. Nf3 Nc6 6. dxc5 Qxc5 7. Na3 e5 8.
Nb5 Qe7 9. b3 Bg4 10. Ba3 Qd7 11. Qxd7+ Kxd7 12. Rd1+ Kc8 13. Bxf8 Rxf8 14. h3
Bxf3 15. gxf3 Ne8 16. Bd3 a6 17. Bf5+ Kb8 18. Na3 g6 19. Be4 Kc7 20. Nc4 f6 21.
O-O Rf7 22. Rd2 Rd8 23. Bxc6 bxc6 24. Rxd8 Kxd8 25. Re1 Re7 26. Kf1 Rd7 27. Ke2
Kc7 28. Ne3 Nd6 29. Rd1 Nb5 30. Rd3 Nd6 31. a4 e4 32. Rd4 f5 33. f4 Nb7 34.
Rxd7+ Kxd7 35. b4 Nd6 36. c4 Ne8 37. f3 Nd6 38. c5 exf3+ 39. Kxf3 Ne4 40. Nc4
Nc3 41. Ne5+ Kc7 42. a5 Nd5 43. Nd3 Kd8 1/2-1/2

[Event "Sparkassen-Open A"]
[Site "Heusenstamm, Martinsee"]
[Date "2015.11.26"]
[Round "1.34"]
[White "Christen, Stefan"]
[Black "Enneper, Eckhard"]
[Result "0-1"]
[WhiteElo "1820"]
[BlackElo "2155"]
[PlyCount "90"]
[EventDate "2015.??.??"]
[WhiteTeam "SV Wesel"]
[BlackTeam "VSG Offenbach"]

1. Nf3 c5 2. b3 Nc6 3. Bb2 d5 4. e3 a6 5. d4 cxd4 6. exd4 Nf6 7. a3 Bg4 8. Bd3
e6 9. Nbd2 Be7 10. O-O O-O 11. Qe1 Bxf3 12. Nxf3 b5 13. Ne5 Qb6 14. Rd1 Nxe5
15. dxe5 Nd7 16. Bd4 Bc5 17. Bxc5 Nxc5 18. Qe3 Rfc8 19. f4 Nd7 20. Rf3 Ra7 21.
b4 Qxe3+ 22. Rxe3 Nb6 23. Rf3 Nc4 24. Bxc4 Rxc4 25. c3 Rac7 26. Rdd3 g6 27. g3
Re4 28. Rfe3 Rec4 29. Kf2 h5 30. Ke2 h4 31. Kd2 Kg7 32. Rf3 hxg3 33. hxg3 Rc8
34. Rfe3 Rh8 35. Kc2 g5 36. Rd4 Rh2+ 37. Kb3 Kg6 38. Rf3 Re2 39. a4 g4 40. Rfd3
Kf5 41. axb5 axb5 42. Ka3 Rxd4 43. Rxd4 Re3 44. Kb2 Rxg3 45. c4 dxc4 0-1

[Event "Sparkassen-Open A"]
[Site "Heusenstamm, Martinsee"]
[Date "2015.11.26"]
[Round "1.35"]
[White "Weise, Martin"]
[Black "Hinrichs, Paul"]
[Result "0-1"]
[WhiteElo "2155"]
[BlackElo "1711"]
[PlyCount "140"]
[EventDate "2015.??.??"]
[WhiteTeam "SC Fulda"]
[BlackTeam "SK Bingen"]

1. d4 d5 2. Bf4 Nf6 3. e3 e6 4. c4 c6 5. Nc3 Nbd7 6. Nf3 Be7 7. h3 a6 8. c5 O-O
9. Bd3 b5 10. b4 Re8 11. O-O Nf8 12. Ne5 Bb7 13. Bg3 Ng6 14. f4 Nd7 15. Qc2 a5
16. a3 a4 17. Nxg6 hxg6 18. Nxb5 cxb5 19. Bxb5 Ba6 20. Qxa4 Bxb5 21. Qxb5 Nf6
22. Bh4 Ne4 23. Bxe7 Qxe7 24. Qd3 Reb8 25. b5 Qc7 26. a4 Qa5 27. Rfc1 Qd2 28.
Qxd2 Nxd2 29. Ra2 Nc4 30. Rb1 Kf8 31. b6 Ke7 32. Kf2 Kd7 33. Rba1 Kc6 34. a5
Ra6 35. Ke2 Rba8 36. Kd3 Rxa5 37. Rxa5 Nxa5 38. Kc3 Kb7 39. h4 Nc6 40. Rxa8
Kxa8 41. g4 Kb7 42. Kd3 Ka6 43. Kc3 Ka5 44. Kb3 Kb5 45. Kc3 Na5 46. Kd3 Kb4 47.
Kc2 Kc4 48. Kd2 Kb3 49. Kd3 Nc6 50. Kd2 Nb4 51. Ke2 Kc2 52. Kf3 Kd3 53. Kf2 Kd2
54. Kf3 Nc6 55. Kf2 Kd3 56. Kf3 Kc3 57. Ke2 Kc2 58. Ke1 Kd3 59. Kf2 Kd2 60. Kf3
Ke1 61. f5 exf5 62. gxf5 gxf5 63. h5 Kd2 64. Kf4 Kd3 65. b7 Ke2 66. Kxf5 Kxe3
67. b8=Q Nxb8 68. Ke5 Nc6+ 69. Kxd5 Nxd4 70. Kd6 f5 0-1

[Event "Sparkassen-Open A"]
[Site "Heusenstamm, Martinsee"]
[Date "2015.11.26"]
[Round "1.36"]
[White "Schellen, Sven"]
[Black "Feldmann, Johannes"]
[Result "0-1"]
[WhiteElo "1813"]
[BlackElo "2145"]
[PlyCount "82"]
[EventDate "2015.??.??"]
[WhiteTeam "SF Frankfurt"]
[BlackTeam "SK Ludwigshafen"]

1. d4 Nf6 2. c4 c5 3. Nf3 e6 4. Nc3 d5 5. cxd5 Nxd5 6. e4 Nxc3 7. bxc3 cxd4 8.
cxd4 Bb4+ 9. Bd2 Bxd2+ 10. Qxd2 O-O 11. Bc4 Nd7 12. O-O b6 13. Rfe1 Bb7 14.
Rad1 Rc8 15. Bb3 Qf6 16. Qg5 Rc3 17. Qg4 Qh6 18. Qg5 Qf6 19. Qg4 Rfc8 20. d5
Nc5 21. e5 Qg6 22. Qxg6 hxg6 23. dxe6 fxe6 24. Ng5 Nxb3 25. axb3 Bd5 26. b4 Kf8
27. f3 Rb3 28. Rc1 Rc4 29. Rxc4 Bxc4 30. Re4 Rxb4 31. Nxe6+ Ke7 32. Nf4 a5 33.
Nxg6+ Ke8 34. Nf4 a4 35. Nh5 a3 36. Nxg7+ Kf7 37. e6+ Kxg7 38. e7 Rb1+ 39. Kf2
Bb5 40. e8=Q Bxe8 41. Rxe8 a2 0-1

[Event "Sparkassen-Open A"]
[Site "Heusenstamm, Martinsee"]
[Date "2015.11.26"]
[Round "1.37"]
[White "Hahn, Florian"]
[Black "Weiland, Thomas"]
[Result "1/2-1/2"]
[WhiteElo "2149"]
[BlackElo "1812"]
[PlyCount "43"]
[EventDate "2015.??.??"]
[WhiteTeam "SC Herborn"]
[BlackTeam "SV Oberursel"]

1. Nf3 f5 2. c4 Nf6 3. g3 g6 4. Bg2 Bg7 5. O-O O-O 6. d4 d6 7. Nc3 c6 8. Re1
Na6 9. Qc2 Nc7 10. b3 Bd7 11. Bb2 Rc8 12. Rad1 b5 13. e4 fxe4 14. Nxe4 Bf5 15.
Nh4 Bxe4 16. Bxe4 Nxe4 17. Qxe4 bxc4 18. bxc4 c5 19. Ng2 Rf7 20. Re2 Rb8 21.
Nf4 cxd4 22. Bxd4 1/2-1/2

[Event "Sparkassen-Open A"]
[Site "Heusenstamm, Martinsee"]
[Date "2015.11.26"]
[Round "1.38"]
[White "Jordake, Michael"]
[Black "Henrich, David"]
[Result "0-1"]
[WhiteElo "1810"]
[BlackElo "2140"]
[PlyCount "66"]
[EventDate "2015.??.??"]
[WhiteTeam "SC Bergen-Enkheim"]
[BlackTeam "SK Niederbrechen"]

1. Nc3 d6 2. e4 Nf6 3. d3 g6 4. Be3 c6 5. Be2 Bg7 6. Nf3 Ng4 7. Bd2 Qb6 8. O-O
Nd7 9. h3 Nge5 10. Qc1 Nxf3+ 11. Bxf3 O-O 12. Nd1 Nc5 13. Bc3 e5 14. b3 Ne6 15.
Ne3 Qd8 16. Qd2 Bh6 17. Qe1 Bg7 18. Rc1 h5 19. Kh2 Nf4 20. Rh1 Qf6 21. Kg1
Nxh3+ 22. Kf1 Ng5 23. Bd1 Qd8 24. Bd2 Be6 25. g4 hxg4 26. Nxg4 f5 27. Nh6+ Bxh6
28. Rxh6 Kg7 29. Rh1 f4 30. f3 Rh8 31. Ke2 Qb6 32. c3 Bg4 33. d4 Bxf3+ 0-1

[Event "Sparkassen-Open A"]
[Site "Heusenstamm, Martinsee"]
[Date "2015.11.26"]
[Round "1.39"]
[White "Ramien, David"]
[Black "Neubauer, Robert"]
[Result "1-0"]
[WhiteElo "2140"]
[BlackElo "1810"]
[PlyCount "47"]
[EventDate "2015.??.??"]
[WhiteTeam "SG Porz"]
[BlackTeam "SK Bad Homburg"]

1. e4 e5 2. Nf3 Nf6 3. Nc3 Nc6 4. Bb5 Bc5 5. Nxe5 Bxf2+ 6. Kxf2 Nxe5 7. d4
Neg4+ 8. Kg1 c6 9. Be2 d6 10. h3 Nh6 11. Bg5 Nhg8 12. Kh2 Qc7 13. Rf1 Nd7 14.
Qd2 Ngf6 15. Rae1 O-O 16. Bd3 a5 17. Qf4 Nh5 18. Qh4 g6 19. g4 Ng7 20. Kh1 b6
21. Be7 Re8 22. Rxf7 d5 23. Ref1 Bb7 24. Qh6 1-0

[Event "Sparkassen-Open A"]
[Site "Heusenstamm, Martinsee"]
[Date "2015.11.26"]
[Round "1.40"]
[White "Held, Maurice"]
[Black "Spiegel, Stefan"]
[Result "0-1"]
[WhiteElo "1804"]
[BlackElo "2137"]
[PlyCount "54"]
[EventDate "2015.??.??"]
[WhiteTeam "SC Ladja Roßdorf"]
[BlackTeam "SC Viernheim"]

1. c4 Nf6 2. Nf3 e6 3. g3 d5 4. cxd5 exd5 5. Bg2 Be7 6. O-O O-O 7. d3 c5 8. Nc3
Nc6 9. Bf4 d4 10. Ne4 Nxe4 11. dxe4 Be6 12. a3 Rc8 13. Rc1 b5 14. Ne1 Na5 15.
Nc2 Nb3 16. Rb1 a5 17. Na1 a4 18. Nxb3 Bxb3 19. Qe1 c4 20. Bh3 Rc6 21. Rc1 c3
22. bxc3 Bxa3 23. Ra1 Bb2 24. Rb1 Bxc3 25. Bd2 Qe7 26. Bxc3 dxc3 27. Bg2 c2 0-1

[Event "Sparkassen-Open A"]
[Site "Heusenstamm, Martinsee"]
[Date "2015.11.26"]
[Round "1.41"]
[White "Poghosyan, Tigran"]
[Black "Bengsch, Norbert"]
[Result "1-0"]
[WhiteElo "2120"]
[BlackElo "1800"]
[PlyCount "113"]
[EventDate "2015.??.??"]
[WhiteTeam "Lübeker SV"]
[BlackTeam "SG Donautal Tuttlingen"]

1. e4 e6 2. d4 d5 3. Nd2 Nf6 4. e5 Nfd7 5. f4 c5 6. c3 Nc6 7. Ndf3 cxd4 8. cxd4
f6 9. Bd3 Qb6 10. g3 Nxd4 11. Nxd4 Bb4+ 12. Kf1 fxe5 13. fxe5 O-O+ 14. Kg2 Nxe5
15. Bxh7+ Kxh7 16. Qh5+ Kg8 17. Qxe5 Bd6 18. Qe3 e5 19. Ndf3 e4 20. Qxb6 exf3+
21. Nxf3 axb6 22. Be3 Bg4 23. Rhf1 Bc5 24. Bf4 Bxf3+ 25. Rxf3 Bd4 26. Rb3 Rae8
27. Rd1 Bc5 28. Rxd5 Re2+ 29. Kh3 Bg1 30. Rd7 Rxh2+ 31. Kg4 Rf7 32. Rd8+ Kh7
33. Rb5 Rf6 34. Bg5 Rc6 35. Bf4 Rg6+ 36. Rg5 Rxg5+ 37. Kxg5 Rxb2 38. Rd7 Rb5+
39. Kg4 Bc5 40. Rxb7 Bd4 41. Ra7 Kg6 42. Kf3 Rb1 43. Ke4 Bc5 44. Be5 Re1+ 45.
Kd5 Rd1+ 46. Ke6 Re1 47. Rxg7+ Kh6 48. Rg4 Re2 49. Kf5 Rf2+ 50. Bf4+ Kh7 51.
Ke6 Rxa2 52. Be5 Re2 53. Kf7 Rf2+ 54. Bf4 Rxf4+ 55. Rxf4 Kh6 56. Rf5 Bd4 57. g4
1-0

[Event "Sparkassen-Open A"]
[Site "Heusenstamm, Martinsee"]
[Date "2015.11.26"]
[Round "1.42"]
[White "Saluvar, Bülent"]
[Black "Köllner, Christof"]
[Result "0-1"]
[WhiteElo "1799"]
[BlackElo "2118"]
[PlyCount "88"]
[EventDate "2015.??.??"]
[WhiteTeam "SC Münster"]
[BlackTeam "SV Bergneustadt/Derschlag"]

1. Nf3 Nf6 2. c4 d6 3. Nc3 e5 4. g3 Be7 5. Bg2 O-O 6. O-O c6 7. d4 Qc7 8. e4
Nbd7 9. b3 a5 10. Ba3 Re8 11. dxe5 dxe5 12. Bxe7 Rxe7 13. Qc2 Nc5 14. Nh4 Re8
15. Rad1 Bg4 16. f3 Be6 17. Rd2 Qb6 18. Kh1 a4 19. Nxa4 Nxa4 20. bxa4 Nd7 21.
Rb1 Qc7 22. Nf5 Bxf5 23. exf5 Nc5 24. h4 f6 25. Kh2 Rxa4 26. h5 Qf7 27. g4 Qxc4
28. Qd1 Qf4+ 29. Kh3 Rd4 30. Rbb2 Red8 31. Rxd4 Qxd4 32. Qxd4 Rxd4 33. Kg3 h6
34. Bf1 Kf8 35. Be2 Ke7 36. Kf2 b5 37. Ke3 Kd6 38. Bxb5 cxb5 39. Rxb5 Rd3+ 40.
Ke2 Ra3 41. Rb2 Kd5 42. Rd2+ Kc4 43. Rc2+ Kd4 44. f4 exf4 0-1

[Event "Sparkassen-Open A"]
[Site "Heusenstamm, Martinsee"]
[Date "2015.11.26"]
[Round "1.43"]
[White "Schmidt, Markus a"]
[Black "Berkes, Jörg Dr"]
[Result "1-0"]
[WhiteElo "2118"]
[BlackElo "1789"]
[PlyCount "103"]
[EventDate "2015.??.??"]
[WhiteTeam "SK Turm Bad Hersfeld"]
[BlackTeam "SK Langen"]

1. Nf3 Nf6 2. c4 d6 3. g3 g6 4. Bg2 Bg7 5. O-O O-O 6. d4 c6 7. Nc3 Nbd7 8. b3
Re8 9. e4 Rb8 10. Bb2 Qa5 11. Qc2 e5 12. Rad1 a6 13. dxe5 dxe5 14. a3 b5 15. b4
Qc7 16. c5 Nf8 17. Rd6 Bg4 18. Ne2 N6d7 19. h3 Be6 20. Rfd1 h6 21. Nc1 a5 22.
Nb3 axb4 23. axb4 Bxb3 24. Qxb3 Re6 25. h4 Rxd6 26. Rxd6 Ne6 27. Bh3 Ndxc5 28.
bxc5 Nxc5 29. Qd1 Nxe4 30. Rd7 Qb6 31. Qc2 Nf6 32. Rd6 e4 33. Rxc6 Qd8 34. Ne5
e3 35. fxe3 Nd5 36. Qe4 Nf6 37. Qd3 Qa5 38. Kh2 Rd8 39. Rc8 Rxc8 40. Bxc8 Qc7
41. Bh3 Nh5 42. Qe4 f5 43. Qd5+ Kh7 44. Bd4 Qb8 45. Qf7 Qd6 46. Bxf5 gxf5 47.
Qxf5+ Kg8 48. Qxh5 b4 49. Qf7+ Kh7 50. Nd7 Qxd4 51. exd4 b3 52. Nf6+ 1-0

[Event "Sparkassen-Open A"]
[Site "Heusenstamm, Martinsee"]
[Date "2015.11.26"]
[Round "1.44"]
[White "Mährlein, Christoph"]
[Black "Füssel, Jan Michael"]
[Result "1/2-1/2"]
[WhiteElo "2106"]
[BlackElo "1788"]
[PlyCount "125"]
[EventDate "2015.??.??"]
[WhiteTeam "SC Pforzheim"]
[BlackTeam "VSG Offenbach"]

1. d4 d5 2. c4 e6 3. Nc3 Nf6 4. Bg5 Nbd7 5. e3 Be7 6. Nf3 O-O 7. Qc2 h6 8. Bh4
c5 9. cxd5 exd5 10. Rd1 c4 11. Be2 Nb6 12. O-O Nh7 13. Bxe7 Qxe7 14. Ne5 Be6
15. b3 cxb3 16. Qxb3 Nf6 17. a4 Rac8 18. a5 Nc4 19. Nxc4 dxc4 20. Qb5 a6 21.
Qe5 Nd7 22. Qe4 Nf6 23. Qc2 Nd5 24. Rb1 Rc7 25. Nxd5 Bxd5 26. Qc3 f5 27. Rb4
Rfc8 28. Re1 Qg5 29. f3 Kh8 30. g3 h5 31. Kf2 h4 32. Rg1 h3 33. Re1 Qe7 34. Bf1
g5 35. Qc2 Qxb4 36. Qxf5 Qd6 37. Qxh3+ Kg7 38. Qg4 Qf6 39. e4 Be6 40. e5 Qg6
41. Qe4 Qxe4 42. fxe4 Rd8 43. d5 Bxd5 44. exd5 Rxd5 45. e6 Re7 46. Bxc4 Rxa5
47. Kf3 Kf6 48. Rd1 Ra3+ 49. Ke4 Ra4 50. Rf1+ Kg7 51. Kd5 Rxc4 52. Kxc4 Rxe6
53. Kd5 Re2 54. Rb1 b5 55. Ra1 Rxh2 56. Rxa6 Rg2 57. Rb6 Rxg3 58. Ke5 b4 59.
Rxb4 Rf3 60. Rb6 Rf7 61. Ke4 Kh7 62. Ke3 Rg7 63. Kf3 1/2-1/2

[Event "Sparkassen-Open A"]
[Site "Heusenstamm, Martinsee"]
[Date "2015.11.26"]
[Round "1.45"]
[White "Theuer, Carsten"]
[Black "Hilzinger, Markus"]
[Result "0-1"]
[WhiteElo "1788"]
[BlackElo "2100"]
[PlyCount "52"]
[EventDate "2015.??.??"]
[WhiteTeam "VSG Offenbach"]
[BlackTeam "SC Pforzheim"]

1. e4 c5 2. Nf3 g6 3. d4 cxd4 4. Nxd4 Bg7 5. Be3 Nc6 6. Nc3 Nf6 7. Be2 O-O 8.
Qd2 d5 9. exd5 Nxd5 10. Nxd5 Qxd5 11. Bf3 Qc4 12. Be2 Qb4 13. c3 Qa5 14. Nxc6
bxc6 15. O-O Rd8 16. Qc1 Be6 17. a3 Bb3 18. Bd1 Qa4 19. Bf3 Rd7 20. Bc5 Rad8
21. Qe3 f5 22. Rfe1 e5 23. g3 Rd3 24. Qg5 h6 25. Qxg6 Rxf3 26. Be7 Bf7 0-1

[Event "Sparkassen-Open A"]
[Site "Heusenstamm, Martinsee"]
[Date "2015.11.26"]
[Round "1.46"]
[White "Tornay Gomez, Josu"]
[Black "Ovsepyan, Mikhail"]
[Result "0-1"]
[WhiteElo "2100"]
[BlackElo "1785"]
[PlyCount "62"]
[EventDate "2015.??.??"]
[WhiteTeam "SC Herborn"]
[BlackTeam "SF Frankfurt"]

1. e4 e5 2. Nf3 Nc6 3. Bb5 Nf6 4. d3 a6 5. Bxc6 dxc6 6. Nxe5 Bc5 7. O-O h6 8.
c3 Be6 9. Qe2 Nd7 10. Bf4 g5 11. Bg3 Nxe5 12. Bxe5 f6 13. Bg3 h5 14. d4 Be7 15.
f3 h4 16. Bf2 Qd7 17. Nd2 O-O-O 18. b4 Rdg8 19. g4 hxg3 20. Bxg3 f5 21. exf5
Bxf5 22. Nc4 Bf6 23. Rfd1 g4 24. f4 Bh4 25. Ne5 Qh7 26. Qf2 Bxg3 27. Qxg3 Qg7
28. Rd2 Rh3 29. Qe1 g3 30. Rb1 gxh2+ 31. Kh1 Qg1+ 0-1

[Event "Sparkassen-Open A"]
[Site "Heusenstamm, Martinsee"]
[Date "2015.11.26"]
[Round "1.47"]
[White "Lanz, Udo"]
[Black "Busch, Lorenz"]
[Result "0-1"]
[WhiteElo "1781"]
[BlackElo "2095"]
[PlyCount "43"]
[EventDate "2015.??.??"]
[WhiteTeam "VSG Offenbach"]
[BlackTeam "SC Herxheim"]

1. c4 e5 2. g3 Bc5 3. Bg2 Nf6 4. Nc3 Nc6 5. e3 O-O 6. Nge2 a6 7. a3 Ba7 8. b4
d6 9. O-O Bg4 10. Bb2 Qd7 11. Re1 Rae8 12. Qa4 Bh3 13. Bh1 Ng4 14. Bg2 Qf5 15.
f3 Bxg2 16. Kxg2 Bxe3 17. fxg4 Qf2+ 18. Kh3 Re6 19. g5 Bxg5 20. Rf1 Rh6+ 21.
Kg4 f5+ 22. Kxg5 0-1

[Event "Sparkassen-Open A"]
[Site "Heusenstamm, Martinsee"]
[Date "2015.11.26"]
[Round "1.48"]
[White "Pfeffer, Marko"]
[Black "Gelfenbaum, Daniel"]
[Result "1-0"]
[WhiteElo "2091"]
[BlackElo "1771"]
[PlyCount "75"]
[EventDate "2015.??.??"]
[WhiteTeam "SC Bergen-Enkheim"]
[BlackTeam "TuS Makkabi"]

1. Nc3 d5 2. e4 c6 3. b3 d4 4. Nce2 e5 5. Ng3 c5 6. Nf3 Bd6 7. Bb5+ Nc6 8.
Bxc6+ bxc6 9. d3 Bg4 10. h3 Bd7 11. O-O Ne7 12. Nd2 Qc7 13. Nc4 O-O-O 14. Qd2
f6 15. Ba3 h5 16. Nxd6+ Qxd6 17. Qa5 Qc7 18. Qxc7+ Kxc7 19. Bxc5 Nc8 20. f4
exf4 21. Rxf4 Be6 22. Ne2 a6 23. Nxd4 Bd7 24. Nf5 Bxf5 25. Rxf5 Nd6 26. Bxd6+
Kxd6 27. Ra5 Ra8 28. Rf1 Kc7 29. Rff5 Kb6 30. Rxh5 Rhe8 31. b4 Rac8 32. Kf2 g6
33. Rh6 Rg8 34. d4 Rc7 35. Ke3 Rcc8 36. Rh7 Rgf8 37. c4 Rg8 38. c5# 1-0

[Event "Sparkassen-Open A"]
[Site "Heusenstamm, Martinsee"]
[Date "2015.11.26"]
[Round "1.49"]
[White "Marzec, Witold"]
[Black "Mueller, Thorsten"]
[Result "0-1"]
[WhiteElo "1785"]
[BlackElo "2112"]
[PlyCount "58"]
[EventDate "2015.??.??"]
[WhiteTeam "vereinslos"]
[BlackTeam "VSG Offenbach"]

1. d4 d5 2. c4 c6 3. Nc3 Nf6 4. e3 Bf5 5. Nf3 e6 6. Be2 Nbd7 7. c5 Be7 8. Bd2
Qc7 9. b4 a6 10. O-O Ne4 11. Ne1 e5 12. f3 Nxd2 13. Qxd2 exd4 14. exd4 O-O 15.
Bd3 Bxd3 16. Nxd3 Bf6 17. Nf2 g6 18. Ng4 Bg7 19. Rfe1 Rfe8 20. a3 Nf8 21. Rad1
Ne6 22. Ne2 a5 23. Ra1 b6 24. Nf2 axb4 25. cxb6 Qxb6 26. Rab1 Nxd4 27. Nxd4
Rxe1+ 28. Qxe1 Bxd4 29. Rxb4 Bxf2+ 0-1

[Event "Sparkassen-Open A"]
[Site "Heusenstamm, Martinsee"]
[Date "2015.11.26"]
[Round "1.50"]
[White "Hauk, Roland"]
[Black "Kreiling, Carsten"]
[Result "0-1"]
[WhiteElo "1771"]
[BlackElo "2081"]
[PlyCount "92"]
[EventDate "2015.??.??"]
[WhiteTeam "SK Endingen"]
[BlackTeam "SVG Eppstein"]

1. e4 c5 2. Nf3 d6 3. d4 cxd4 4. Nxd4 Nf6 5. Nc3 g6 6. Bc4 Bg7 7. Be3 Nc6 8. h3
Qa5 9. O-O O-O 10. Bb3 Bd7 11. Qd2 b5 12. f4 Nxd4 13. Bxd4 b4 14. Bxf6 bxc3 15.
Bxc3 Bxc3 16. Qxc3 Qxc3 17. bxc3 Rac8 18. Rf3 Rc5 19. Rd1 Bb5 20. Rd5 Rfc8 21.
Re3 a5 22. Rxc5 Rxc5 23. a4 Bc6 24. Kf2 Kg7 25. c4 g5 26. f5 Kf6 27. g4 Ke5 28.
Kf3 Bb7 29. c3 Rc6 30. c5 dxc5 31. Bxf7 Rh6 32. Kg3 Bxe4 33. Be6 Rf6 34. c4 Kd4
35. Rb3 Bd3 36. Rb5 Bxc4 37. Bxc4 Kxc4 38. Rxa5 Rc6 39. Ra7 Kb4 40. Rxe7 c4 41.
Re6 Rc8 42. f6 c3 43. f7 Rf8 44. Re7 c2 45. Rc7 Kb3 46. a5 Rxf7 0-1

[Event "Sparkassen-Open A"]
[Site "Heusenstamm, Martinsee"]
[Date "2015.11.26"]
[Round "1.51"]
[White "Orwatsch, Gerhard"]
[Black "Laufenburg, Frank"]
[Result "1-0"]
[WhiteElo "2077"]
[BlackElo "1768"]
[PlyCount "61"]
[EventDate "2015.??.??"]
[WhiteTeam "SK Gießen"]
[BlackTeam "SC Bergen-Enkheim"]

1. d4 d5 2. Bf4 Nf6 3. Nf3 e6 4. e3 Bd6 5. Ne5 O-O 6. Nd2 Bxe5 7. Bxe5 Nbd7 8.
Bg3 Re8 9. Be2 e5 10. c3 c6 11. O-O exd4 12. cxd4 Nf8 13. b4 a6 14. a4 Bf5 15.
b5 cxb5 16. axb5 a5 17. Rc1 Ne6 18. Bh4 h6 19. Qa4 g5 20. Bg3 Ne4 21. Nxe4 Bxe4
22. Rc3 f5 23. Be5 f4 24. Bg4 fxe3 25. fxe3 Qe7 26. Rf6 Nf8 27. Rc7 Qb4 28. Qd1
Ng6 29. Rxg6+ Bxg6 30. Rg7+ Kf8 31. Qf1+ 1-0

[Event "Sparkassen-Open A"]
[Site "Heusenstamm, Martinsee"]
[Date "2015.11.26"]
[Round "1.52"]
[White "Bunjaku, Lulzim"]
[Black "Stürmer, Paul"]
[Result "0-1"]
[WhiteElo "1766"]
[BlackElo "2073"]
[PlyCount "98"]
[EventDate "2015.??.??"]
[WhiteTeam "SC Heusenstamm"]
[BlackTeam "SV Bergneustadt/Derschlag"]

1. f4 d5 2. Nf3 c5 3. e3 Nf6 4. b3 g6 5. Bb2 Bg7 6. d3 Nc6 7. Nbd2 O-O 8. h3 d4
9. exd4 Nh5 10. Be2 Ng3 11. Rg1 Nxd4 12. Nxd4 Bxd4 13. Bxd4 Qxd4 14. Nf3 Qxf4
15. Qd2 Qf6 16. Kf2 Nf5 17. Rge1 b6 18. Kg1 Bb7 19. Rac1 Rae8 20. Rf1 Qd6 21.
Nh2 Ng3 22. Rf2 Ne4 23. Qf4 Nxf2 24. Qxf2 Qd4 25. Bf3 Bxf3 26. Nxf3 Qxf2+ 27.
Kxf2 e5 28. Re1 f6 29. a3 Rf7 30. Nd2 Kg7 31. a4 Rd7 32. g3 f5 33. Nf3 e4 34.
h4 Rde7 35. dxe4 Rxe4 36. Rxe4 fxe4 37. Ng5 h6 38. Nh3 Kf6 39. Nf4 g5 40. hxg5+
hxg5 41. Nd5+ Ke5 42. Nc3 Rf8+ 43. Ke1 Kd4 44. Nb5+ Ke3 45. Nd6 Rd8 46. Nf7 Rd5
47. Nh6 Kf3 48. g4 e3 49. Nf5 e2 0-1

[Event "Sparkassen-Open A"]
[Site "Heusenstamm, Martinsee"]
[Date "2015.11.26"]
[Round "1.53"]
[White "Schröder, Jürgen"]
[Black "Zerhusen, Martin"]
[Result "1-0"]
[WhiteElo "2071"]
[BlackElo "1762"]
[PlyCount "83"]
[EventDate "2015.??.??"]
[WhiteTeam "SC Matt im Park"]
[BlackTeam "SV Oberursel"]

1. e4 c5 2. Nf3 d6 3. d3 Nc6 4. g3 g6 5. Bg2 Bg7 6. O-O Bd7 7. Nbd2 e6 8. a4
Nge7 9. Nc4 Qc7 10. c3 O-O 11. Re1 Rfd8 12. Qc2 a6 13. Bf4 e5 14. Bg5 Re8 15.
Qd2 Be6 16. Bh6 Na5 17. Bxg7 Kxg7 18. Nxa5 Qxa5 19. b4 cxb4 20. cxb4 Qd8 21. d4
f6 22. Red1 Rc8 23. Qb2 Qb6 24. d5 Bg4 25. Rdc1 Bxf3 26. Bxf3 Rxc1+ 27. Rxc1
Rc8 28. Rxc8 Nxc8 29. Qc3 Ne7 30. Be2 Qd8 31. b5 a5 32. f4 b6 33. Bg4 Kf7 34.
Be6+ Kg7 35. fxe5 fxe5 36. Qf3 Qf8 37. Qe3 Qd8 38. Qf2 Qc7 39. Qf7+ Kh6 40. Kg2
Qd8 41. h4 Nc8 42. g4 1-0